[Event "Chigorin Memorial"]
[Site "St Petersburg RUS"]
[Date "2012.10.31"]
[Round "5.126"]
[White "Mitiushkin, Marat"]
[Black "Naslund, Mikael"]
[Result "1/2-1/2"]
[BlackTitle "FM"]
[WhiteElo "1953"]
[BlackElo "2142"]
[WhiteFideId "4141849"]
[BlackFideId "1708260"]
[EventDate "2012.10.27"]

1. d4 Nf6 2. c4 g6 3. Nc3 d5 4. Nf3 Bg7 5. cxd5 Nxd5 6. Bd2 Nb6 7. e3 O-O 8. a4
a5 9. Be2 Nc6 10. O-O e5 11. dxe5 Nxe5 12. Nxe5 Bxe5 13. f4 Bg7 14. Qc2 Be6 15.
Rad1 Qe7 16. Bf3 c6 17. Rfe1 Nc4 18. Bc1 Qb4 19. e4 Nxb2 20. Bxb2 Bb3 21. Qd2
Bxd1 22. Rxd1 Rad8 23. Qxd8 Qxb2 24. Qxa5 Qxc3 25. Qxc3 Bxc3 26. Rd3 Bb4 27. Kf1
Ra8 28. Bd1 Ba5 29. Ke2 Rd8 30. Bb3 Kf8 31. Rxd8+ Bxd8 32. g4 Bc7 33. Kf3 g5 34.
fxg5 Bxh2 35. Ke3 Be5 36. Kf3 Kg7 37. Bc4 Bc7 38. Bb3 Kg6 39. Bc4 Bd8 40. Bb3
Bxg5 41. Bc4 Bf6 42. Bd3 Be5 43. Bc4 f6 44. Be6 Bc7 45. Ke2 Kg5 46. Kd3 Kf4 47.
Bf5 h6 48. Kc4 Ba5 49. Kb3 Ke5 50. Kc4 Be1 51. Bg6 Bf2 52. Bf5 Kf4 53. Kb3 Ke3
54. Kc4 Kd2 55. Kb3 Bd4 56. Kc4 Ke3 57. Bg6 Be5 58. Bf5 Kd2 59. Bc8 b5+ 1/2-1/2

[Event "Chigorin Memorial"]
[Site "St Petersburg RUS"]
[Date "2012.10.31"]
[Round "5.127"]
[White "Chernyak, Viktoria"]
[Black "Nikitinyh, Boris"]
[Result "0-1"]
[WhiteElo "1939"]
[BlackElo "2142"]
[WhiteFideId "24165956"]
[BlackFideId "4198328"]
[EventDate "2012.10.27"]

1. e4 e5 2. Nf3 Nc6 3. Bb5 a6 4. Bxc6 dxc6 5. O-O Bd6 6. h3 c5 7. d3 Ne7 8. Nbd2
O-O 9. Nc4 Ng6 10. Bg5 f6 11. Bh4 Be6 12. Bg3 Be7 13. Ne3 Qd7 14. Nh4 Nxh4 15.
Bxh4 Rad8 16. Qe2 Rf7 17. b3 Bf8 18. Rad1 Re8 19. Qf3 g6 20. g4 Bg7 21. Bg3 Ref8
22. Nf5 gxf5 23. gxf5 c6 24. fxe6 Qxe6 25. Qg4 f5 26. exf5 Rxf5 27. Qc4 Qd5 28.
Rfe1 Kh8 29. Kh2 Qd7 30. Qg4 h5 31. Qe4 R8f6 32. Qh4 Rg6 33. Re3 Bf6 34. Qe4 Kg7
35. Bh4 Bxh4 36. Qxh4 Qf7 37. Kh1 Kh6 38. Rg3 Rxg3 39. Qxg3 Rf3 40. Qh4 Qf5 41.
Kg2 Rf4 42. Qd8 Qg5+ 43. Qxg5+ Kxg5 44. Re1 Kf5 45. Re3 h4 46. f3 b5 47. Kf2 b4
48. Re1 Rd4 49. Rg1 Rd5 50. Rg4 Rd4 51. Ke3 a5 52. Rg8 a4 53. Ra8 a3 54. Rh8 Ke6
55. Rh6+ Kd5 56. Rg6 Rf4 57. Rg4 Rd4 58. Re4 Rxe4+ 59. fxe4+ Kd6 60. Kf3 c4 61.
Kg4 Kc5 62. Kxh4 Kd4 63. Kg4 Kc3 64. h4 Kb2 65. h5 Kxa2 66. h6 Kb2 67. h7 c3 68.
h8=Q a2 69. Kf5 a1=Q 70. Kxe5 Kxc2 71. Kd4 Kxb3 72. Qg8+ Kb2 73. Qc4 Qg1+ 74.
Ke5 Qg5+ 75. Kd6 Qd8+ 76. Kc5 Qf8+ 77. Kd4 Qd6+ 78. Ke3 c2 0-1

[Event "Chigorin Memorial"]
[Site "St Petersburg RUS"]
[Date "2012.10.31"]
[Round "5.128"]
[White "Zhelobanov, Roman"]
[Black "Kostrikina, Anna"]
[Result "0-1"]
[BlackTitle "WFM"]
[WhiteElo "1912"]
[BlackElo "2138"]
[WhiteFideId "24154334"]
[BlackFideId "4176219"]
[EventDate "2012.10.27"]

1. e4 c5 2. Nc3 Nc6 3. f4 e6 4. Nf3 d5 5. d3 Nf6 6. g3 Be7 7. Bg2 b5 8. e5 Nd7
9. Bd2 b4 10. Ne2 Qb6 11. Be3 O-O 12. O-O a5 13. Bf2 Ba6 14. Re1 Qc7 15. d4 Rac8
16. Bh3 g6 17. g4 Bxe2 18. Rxe2 Nxd4 19. Nxd4 cxd4 20. Bxd4 Bc5 21. c3 bxc3 22.
bxc3 Bxd4+ 23. cxd4 Qc3 24. Kg2 Rc4 25. Rd2 Qe3 26. f5 Rc3 27. Rb1 Qxh3+ 28. Kh1
exf5 29. Rb7 Rd8 30. Rg2 fxg4 31. Qe1 Rdc8 32. Rb1 Rc2 33. Rf2 Rxf2 34. Qxf2
Qf3+ 35. Kg1 Qxf2+ 36. Kxf2 Rc2+ 37. Kg3 h5 38. Kf4 Nf8 39. Kg5 Kg7 40. Rb6 Rxh2 0-1

[Event "Chigorin Memorial"]
[Site "St Petersburg RUS"]
[Date "2012.10.31"]
[Round "5.129"]
[White "Zakharov, Yuri"]
[Black "Fedorov, Viktor"]
[Result "0-1"]
[WhiteElo "1902"]
[BlackElo "2118"]
[WhiteFideId "4166620"]
[BlackFideId "24195430"]
[EventDate "2012.10.27"]

1. Nf3 Nf6 2. g3 d5 3. d4 e6 4. Bg2 c5 5. O-O Nc6 6. c3 Be7 7. Qb3 O-O 8. Bg5
Qb6 9. dxc5 Qxc5 10. Nbd2 Na5 11. Qc2 Nc6 12. Rfc1 Ng4 13. e3 f6 14. h3 Nxf2 15.
Kxf2 fxg5 16. Nb3 Qb6 17. c4 Nb4 18. Qd2 dxc4 19. Rxc4 Nd5 20. Ke2 Bd7 21. Nbd4
Qd6 22. Kf2 b5 23. Rcc1 Nf6 0-1

[Event "Chigorin Memorial"]
[Site "St Petersburg RUS"]
[Date "2012.10.31"]
[Round "5.130"]
[White "Kamnev, Alexander"]
[Black "Bratus, Petr P"]
[Result "0-1"]
[WhiteElo "1885"]
[BlackElo "2114"]
[WhiteFideId "24176753"]
[BlackFideId "4168682"]
[EventDate "2012.10.27"]

1. e4 c5 2. Nf3 d6 3. d4 cxd4 4. Nxd4 Nf6 5. Nc3 a6 6. Be2 e5 7. Nb3 Be6 8. Be3
Nbd7 9. O-O Be7 10. f4 Qc7 11. f5 Bc4 12. Bxc4 Qxc4 13. Nd2 Qc6 14. Qf3 b5 15.
a3 Nb6 16. Kh1 Na4 17. Nxa4 bxa4 18. Rac1 h6 19. b4 a5 20. c4 axb4 21. axb4 O-O
22. b5 Qb7 23. g4 Nh7 24. Qg3 Ng5 25. Qg2 Nh7 26. Qg3 a3 27. h4 f6 28. Rc2 Ra4
29. Ra2 Rfa8 30. Qf3 Bd8 31. Qe2 Ba5 32. Qd3 Nf8 33. Rc1 Nd7 34. Nb3 Bb4 35. Kg2
Rc8 36. Kf3 Kf7 37. Ke2 Ke7 38. Qd5 Qxd5 39. exd5 Raa8 40. Rcc2 Rab8 41. Bd2
Bxd2 42. Nxd2 Ra8 43. Rc3 Nb6 44. Kd3 h5 45. gxh5 Rh8 46. Rcxa3 Rxa3+ 47. Rxa3
Rxh5 48. Ra7+ Kd8 49. Rxg7 Rxh4 50. Ne4 Nxc4 51. Nxf6 Rd4+ 52. Kc3 Nb6 53. Rb7
Na4+ 54. Kc2 Nc5 55. Rh7 Rf4 56. Ng8 Rxf5 57. Nh6 Rf2+ 58. Kb1 e4 59. Nf7+ Kc7
60. Ne5+ Kb6 61. Nc4+ Kxb5 62. Nxd6+ Kb4 63. Nxe4 Nxe4 64. Rb7+ Kc4 65. Rb2 Nc3+
66. Kc1 Rf1+ 67. Kd2 Nxd5 68. Ke2 Rf5 69. Rb8 Kd4 70. Re8 Nc3+ 71. Kd2 Rf2+ 72.
Ke1 Ra2 73. Rd8+ Ke3 74. Re8+ Ne4 75. Kd1 Rd2+ 76. Kc1 Rd4 77. Kc2 Ke2 78. Re7
Ke3 79. Re8 Rc4+ 80. Kb3 Rc7 81. Rd8 Nc5+ 82. Kb4 Ne6 83. Re8 Rc6 84. Kb5 Rd6
85. Rh8 Ke4 86. Rh4+ Nf4 87. Kc5 Rd1 88. Rh8 Rc1+ 89. Kb5 Kd4 90. Rh4 Rb1+ 91.
Kc6 Ke5 92. Rh8 Rc1+ 93. Kb5 Kd6 94. Rd8+ Kc7 95. Rh8 Ne6 96. Rh7+ Kd6 97. Rh6
Rc5+ 98. Kb4 Re5 99. Rh1 Kd5 100. Rd1+ Nd4 101. Kc3 Re3+ 102. Rd3 Re4 103. Rd1
Rh4 104. Rd2 Kc5 105. Rg2 Rh3+ 106. Kb2 Kb4 107. Rd2 Nb5 108. Rg2 Na3 109. Ka2
Nc4 0-1

[Event "Chigorin Memorial"]
[Site "St Petersburg RUS"]
[Date "2012.10.31"]
[Round "5.131"]
[White "Shakirova, Renata"]
[Black "Kostyuchenko, Vladimir"]
[Result "1/2-1/2"]
[WhiteElo "1756"]
[BlackElo "2101"]
[WhiteFideId "24172049"]
[BlackFideId "4126084"]
[EventDate "2012.10.27"]

1. e4 c5 2. Nf3 d6 3. d4 cxd4 4. Nxd4 Nf6 5. Nc3 Nc6 6. Be2 g6 7. Be3 Bg7 8. Nb3
O-O 9. f4 b6 10. g4 Bb7 11. g5 Nd7 12. Qd2 Nc5 13. Bf3 a5 14. Nd4 Nxd4 15. Bxd4
Bxd4 16. Qxd4 e5 17. Qd2 exf4 18. O-O-O Qxg5 19. Qxd6 f5 20. Qxb6 fxe4 21. Nxe4
Bxe4 22. Bxe4 Rab8 23. Bd5+ Qxd5 24. Rxd5 Rxb6 25. Rxc5 a4 26. Rf1 f3 27. Ra5
Rb4 28. Rf2 h6 29. Re5 g5 30. c3 Rbf4 31. b4 axb3 32. axb3 g4 33. c4 Kg7 34. Kd2
Kg6 35. c5 h5 36. Ke3 Rb4 37. Rd2 Rxb3+ 38. Kf2 Rc3 39. Rd6+ Rf6 40. Rxf6+ Kxf6
41. Rxh5 Rc2+ 42. Kf1 Rc1+ 1/2-1/2

[Event "Chigorin Memorial"]
[Site "St Petersburg RUS"]
[Date "2012.10.31"]
[Round "5.132"]
[White "Sladkov, Andrey"]
[Black "Aseev, Vladimir"]
[Result "1-0"]
[WhiteElo "1876"]
[BlackElo "2095"]
[WhiteFideId "24160350"]
[BlackFideId "24121371"]
[EventDate "2012.10.27"]

1. e4 e5 2. Nf3 Nc6 3. Bb5 Bb4 4. O-O Nge7 5. c3 Ba5 6. d4 exd4 7. Nxd4 O-O 8.
Be3 a6 9. Nxc6 Nxc6 10. Be2 Qf6 11. Nd2 Ne5 12. f4 Bb6 13. Bf2 Ng6 14. g3 Bxf2+
15. Rxf2 d6 16. Bf3 Bd7 17. Qc2 Bc6 18. Re1 Rfe8 1-0

[Event "Chigorin Memorial"]
[Site "St Petersburg RUS"]
[Date "2012.10.31"]
[Round "5.133"]
[White "Pyatin, Alexander"]
[Black "Fedoseeva, Valentina"]
[Result "1-0"]
[WhiteElo "2091"]
[BlackElo "1930"]
[WhiteFideId "24125920"]
[BlackFideId "4169875"]
[EventDate "2012.10.27"]

1. e4 e5 2. Nc3 Nf6 3. Nf3 Nc6 4. d4 exd4 5. Nxd4 Bb4 6. Nxc6 bxc6 7. Bd3 d5 8.
exd5 cxd5 9. O-O O-O 10. Bg5 c6 11. Qf3 Be7 12. Rae1 Be6 13. h3 Qc7 14. Re2 Rab8
15. Nd1 h6 16. Bf4 Bd6 17. Bxh6 Nd7 18. Qh5 gxh6 19. Rxe6 Rfe8 20. Bh7+ Kh8 21.
Rxh6 Bf4 22. Bg6+ Kg7 23. Rh7+ Kf6 24. Rxf7+ 1-0

[Event "Chigorin Memorial"]
[Site "St Petersburg RUS"]
[Date "2012.10.31"]
[Round "5.135"]
[White "Denishev, Marat"]
[Black "Toporkova, Sofia"]
[Result "1-0"]
[WhiteElo "2198"]
[BlackElo "1732"]
[WhiteFideId "24131563"]
[BlackFideId "4169930"]
[EventDate "2012.10.27"]

1. d4 d5 2. c4 e6 3. Nc3 c6 4. e3 Nd7 5. Nf3 Ngf6 6. Bd3 dxc4 7. Bxc4 b5 8. Be2
a6 9. a3 c5 10. dxc5 Bxc5 11. b4 Bb6 12. O-O O-O 13. Bb2 Bb7 14. Qb3 Nd5 15.
Rfd1 Qe7 16. Nxd5 Bxd5 17. Qc3 Nf6 18. Qe5 Bc7 19. Qg5 h6 20. Qh4 Rfe8 21. Rac1
Rac8 22. Rd2 Ne4 23. Rdc2 Nd6 24. Qxe7 Rxe7 25. Ne5 Be4 26. Rc5 Bb7 27. Nc6 Ree8
28. Na7 Bb6 29. Nxc8 Bxc5 30. bxc5 Nxc8 31. c6 Ba8 32. c7 Ne7 33. a4 Bc6 34. Ba3
Bd7 35. Bxe7 Rxe7 36. c8=Q+ Bxc8 37. Rxc8+ Kh7 38. axb5 Rb7 39. bxa6 1-0

[Event "Chigorin Memorial"]
[Site "St Petersburg RUS"]
[Date "2012.10.31"]
[Round "5.136"]
[White "Chernov, Maksim"]
[Black "Drachev, Oleg"]
[Result "1/2-1/2"]
[WhiteElo "1895"]
[BlackElo "2220"]
[WhiteFideId "24194280"]
[BlackFideId "24193933"]
[EventDate "2012.10.27"]

1. e4 d6 2. d4 Nf6 3. Nc3 g6 4. f4 Bg7 5. Nf3 c5 6. dxc5 Qa5 7. Bd3 Qxc5 8. Qe2
Bg4 9. a3 Nc6 10. Be3 Qa5 11. O-O O-O 12. h3 Bxf3 13. Qxf3 a6 14. Rad1 Rac8 15.
Ne2 Nd7 16. c3 Qc7 17. Qf2 Na5 18. Nd4 Nc4 19. Bxc4 Qxc4 20. Qc2 Nf6 21. f5 b5
22. Bf2 a5 23. Qb1 Rb8 24. Rfe1 Nd7 25. Qd3 Ne5 26. Qe2 Rfc8 27. fxg6 hxg6 28.
Qe3 Qc7 29. Rc1 Qc4 30. Rcd1 Qc7 31. Rc1 Qc4 32. Rcd1 Qc7 33. Rc1 Kh7 34. Qe2
Qc4 35. Red1 Bh6 36. Rc2 Qxe2 37. Rxe2 Nc4 38. Nf3 Bg7 39. Bg3 b4 40. axb4 axb4
41. e5 b3 42. exd6 exd6 43. Nd4 Be5 44. Bf2 Rb7 45. Ra1 Kg7 46. Be1 f5 47. Bf2
Re8 48. Nf3 Kf7 49. Kf1 Bf6 50. Rxe8 Kxe8 51. Rb1 Re7 52. Bd4 Bxd4 53. cxd4 Re4
54. Rc1 d5 55. Rc3 Re3 56. Rxe3+ Nxe3+ 57. Kg1 Nc4 58. Kf2 f4 59. Ke2 Ke7 60.
Nd2 Nxb2 61. Nxb3 Kf6 62. Kf3 Kf5 63. Nc1 Nc4 64. Nd3 Nd2+ 65. Ke2 Nb3 66. Nc5
Nxd4+ 67. Kd3 Ne6 68. Nd7 g5 69. Nb6 Ke5 70. Nd7+ Kd6 71. Nf6 Nd8 72. Nh7 Nf7
73. Kd4 Ke6 74. Nf8+ Ke7 75. Nh7 Ke6 76. Nf8+ Ke7 77. Nh7 Ke6 78. Nf8+ Kf5 79.
Kxd5 g4 80. hxg4+ Kxg4 81. Ne6 1/2-1/2

[Event "Chigorin Memorial"]
[Site "St Petersburg RUS"]
[Date "2012.10.31"]
[Round "5.137"]
[White "Golubov, Saveliy"]
[Black "Shagdurov, Denis"]
[Result "1-0"]
[WhiteElo "2189"]
[BlackElo "1890"]
[WhiteFideId "24176729"]
[BlackFideId "24136735"]
[EventDate "2012.10.27"]

1. e4 c6 2. d4 d5 3. Nd2 dxe4 4. Nxe4 Nf6 5. Nxf6+ exf6 6. c3 Bd6 7. Bd3 O-O 8.
Ne2 Be6 9. Qc2 h6 10. O-O Qc7 11. h3 Nd7 12. c4 Rfe8 13. f4 Nf8 14. f5 Bd7 15.
c5 Be7 16. Bf4 Qd8 17. Bc4 b5 18. Bb3 Bc8 19. Rad1 Qd7 20. Ng3 Nh7 21. d5 Rd8
22. Rfe1 Bb7 23. d6 Bf8 24. Be6 Qe8 25. d7 1-0

[Event "Chigorin Memorial"]
[Site "St Petersburg RUS"]
[Date "2012.10.31"]
[Round "5.138"]
[White "Lutovinov, Alexander"]
[Black "Chistiakov, Mihail"]
[Result "1/2-1/2"]
[WhiteElo "2145"]
[BlackElo "1884"]
[WhiteFideId "34114758"]
[BlackFideId "24161217"]
[EventDate "2012.10.27"]

1. e4 c5 2. Nf3 d6 3. b4 cxb4 4. a3 bxa3 5. d4 e6 6. Nxa3 Nf6 7. Bd3 Be7 8. O-O
O-O 9. Re1 Nc6 10. c3 e5 11. h3 a6 12. Nc4 exd4 13. cxd4 d5 14. exd5 Nxd5 15.
Nfe5 Nxe5 16. Nxe5 Bb4 17. Bd2 Bxd2 18. Qxd2 Be6 19. f4 Qf6 20. f5 Bc8 21. Rad1
b5 22. Be4 Qd6 23. f6 Bb7 24. Rf1 h6 25. Ng4 Nc3 26. Nxh6+ gxh6 27. Qxh6 Ne2+
28. Kh1 Ng3+ 29. Kg1 Ne2+ 30. Kh1 Ng3+ 31. Kg1 Ne2+ 32. Kh1 Ng3+ 1/2-1/2

[Event "Chigorin Memorial"]
[Site "St Petersburg RUS"]
[Date "2012.10.31"]
[Round "5.139"]
[White "Basencyan, Mark"]
[Black "Aleksandrov, Grigoriy"]
[Result "1-0"]
[WhiteElo "2139"]
[BlackElo "1871"]
[WhiteFideId "13300725"]
[BlackFideId "24199656"]
[EventDate "2012.10.27"]

1. d4 Nf6 2. Nf3 e6 3. c4 b6 4. Nc3 Bb7 5. Qc2 Bb4 6. e3 O-O 7. Bd3 d5 8. Bd2 c5
9. a3 Bxc3 10. bxc3 Nbd7 11. cxd5 exd5 12. O-O c4 13. Be2 Ne4 14. Bc1 f5 15. Nd2
Qg5 16. f4 Qe7 17. Nxe4 Qxe4 18. Qxe4 fxe4 19. a4 a5 20. Ba3 Rfe8 21. Rfb1 Ra6
22. Rb2 Bc6 23. Bd1 Kf7 24. Rab1 Re6 25. g4 Rh6 26. Kg2 Re6 27. Kg3 Ra7 28. Rf2
Bb7 29. f5 Rc6 30. g5 Ke8 31. Rb5 Rc8 32. h4 Bc6 33. Rb1 Kd8 34. Bd6 1-0

[Event "Chigorin Memorial"]
[Site "St Petersburg RUS"]
[Date "2012.10.31"]
[Round "5.141"]
[White "Suvorov, Aleksandr"]
[Black "Nikiforov, Vyacheslav"]
[Result "1-0"]
[WhiteElo "2065"]
[BlackElo "1863"]
[WhiteFideId "24140953"]
[BlackFideId "4119401"]
[EventDate "2012.10.27"]

1. g3 e5 2. c4 Nc6 3. Bg2 g6 4. b3 Bg7 5. Bb2 Nge7 6. Nc3 O-O 7. e3 d6 8. Nge2
Bg4 9. h3 Bf5 10. g4 Bd7 11. d4 Qc8 12. d5 Nd8 13. Qd2 b6 14. f4 exf4 15. exf4
Re8 16. Ne4 f5 17. Nf6+ Bxf6 18. Bxf6 h6 19. Bb2 Kh7 20. Qc3 1-0

[Event "Chigorin Memorial"]
[Site "St Petersburg RUS"]
[Date "2012.10.31"]
[Round "5.142"]
[White "Ivanov, Sergei V."]
[Black "Radkov, Bazhen D."]
[Result "0-1"]
[WhiteElo "2060"]
[BlackElo "1860"]
[WhiteFideId "24170003"]
[BlackFideId "24170593"]
[EventDate "2012.10.27"]

1. f4 d5 2. Nf3 Nf6 3. g3 g6 4. Bg2 Bg7 5. O-O O-O 6. d3 c5 7. Nc3 Nc6 8. e4 d4
9. Na4 Qa5 10. b3 b5 11. Bd2 Qc7 12. Nb2 Bb7 13. h3 Nh5 14. Kh2 e5 15. Ng1 exf4
16. gxf4 Rae8 17. Qg4 Bc8 18. Qf3 Ne5 19. Qf2 g5 20. Ne2 Ng6 21. Kg1 gxf4 22.
Nxf4 Ngxf4 23. Bxf4 Nxf4 24. Qxf4 Be5 25. Qd2 Kh8 26. a4 Rg8 27. Kh1 Rg3 28. Rf3
Rxf3 29. Bxf3 Bxh3 30. axb5 Bf4 31. Qf2 Bg3 32. Qd2 Re6 33. Ra6 Qe5 34. Rxe6
Bxe6 35. Qh6 Kg8 36. Kg2 Be1 37. Qh2 Qg5+ 38. Kf1 Bg3 39. Qh5 Qe3 40. Nd1 Bh3+
41. Qxh3 Qxf3+ 42. Kg1 Qxd1+ 43. Kg2 Bd6 44. Qh4 Qxc2+ 45. Kh1 Qd1+ 46. Kg2 Qe2+ 0-1

[Event "Chigorin Memorial"]
[Site "St Petersburg RUS"]
[Date "2012.10.31"]
[Round "5.144"]
[White "Koshil, Tikhon"]
[Black "Dyakov, Vladislav"]
[Result "1/2-1/2"]
[WhiteElo "2048"]
[BlackElo "1854"]
[WhiteFideId "4126637"]
[BlackFideId "24177261"]
[EventDate "2012.10.27"]

1. e4 c5 2. Nf3 Nc6 3. d3 g6 4. g3 Bg7 5. Bg2 Nf6 6. O-O d6 7. c3 O-O 8. h3 Rb8
9. Be3 b5 10. Qc1 Bd7 11. Bh6 c4 12. Bxg7 Kxg7 13. Qe3 cxd3 14. Qxd3 Qc7 15. Rd1
Na5 16. Nbd2 Nc4 17. Qc2 Rfc8 18. Nd4 b4 19. Nxc4 Qxc4 20. Bf1 Qc5 21. c4 Qe5
22. Bg2 Qh5 23. g4 Qe5 24. b3 h5 25. f3 Rh8 26. Qe2 Qc5 27. Kf1 hxg4 28. fxg4
Rh4 29. Nf3 Rh7 30. e5 Ne8 31. Qf2 Qxf2+ 32. Kxf2 Bc6 33. exd6 Nxd6 34. Ng5 Bxg2
35. Kxg2 Rhh8 36. c5 Nb5 37. Rd7 Rhc8 38. Ne4 Nc3 39. Re1 Nxa2 40. Rxa7 Nc3 41.
Rxe7 Nxe4 42. R1xe4 Rxc5 43. Rf4 Rf8 44. Rxb4 Rc2+ 45. Kg3 Rc3+ 46. Kf4 Rxh3 47.
Rbb7 Kf6 48. g5+ Kg7 49. Kg4 Rh1 50. Kf4 Rf1+ 51. Ke4 Rg1 52. Kf4 Rf1+ 53. Ke4 1/2-1/2

[Event "Chigorin Memorial"]
[Site "St Petersburg RUS"]
[Date "2012.10.31"]
[Round "5.145"]
[White "Mikhaylov, Dimitri"]
[Black "Azimova, Karina"]
[Result "0-1"]
[WhiteElo "1854"]
[BlackElo "2044"]
[WhiteFideId "13901273"]
[BlackFideId "4108310"]
[EventDate "2012.10.27"]

1. b4 d5 2. Bb2 Bf5 3. e3 e6 4. Nf3 Nf6 5. c4 c6 6. c5 Be7 7. Be2 h6 8. Nd4 Bg6
9. f4 Nbd7 10. O-O O-O 11. f5 exf5 12. Nxf5 b6 13. Qa4 Bxf5 14. Rxf5 bxc5 15.
bxc5 Nxc5 16. Qc2 Ne6 17. Qxc6 d4 18. Bc4 Rc8 19. Qa4 dxe3 20. dxe3 Qb6 21. Qb3
Rxc4 22. Qxc4 Qxb2 23. Qc3 Qxc3 24. Nxc3 Rc8 25. Nd5 Nxd5 26. Rxd5 Bc5 27. Re5
Bb6 28. h4 Rc3 29. Kf2 Bd8 30. g3 Rc2+ 31. Kf3 Bf6 0-1

[Event "Chigorin Memorial"]
[Site "St Petersburg RUS"]
[Date "2012.10.31"]
[Round "5.146"]
[White "Kharchenko, Daniil"]
[Black "Bezulenko, Evgeny"]
[Result "1-0"]
[WhiteElo "2039"]
[BlackElo "1850"]
[WhiteFideId "24101664"]
[BlackFideId "24105996"]
[EventDate "2012.10.27"]

1. e4 e6 2. d4 d5 3. e5 Nc6 4. Nf3 f6 5. Bb5 Bd7 6. Qe2 a6 7. Ba4 Nxe5 8. Nxe5
fxe5 9. Bxd7+ Qxd7 10. Qxe5 Nf6 11. O-O Bd6 12. Qe2 O-O-O 13. Nd2 h5 14. c4 Ng4
15. Nf3 Rdf8 16. h3 dxc4 17. hxg4 Rxf3 18. gxf3 hxg4 19. fxg4 Qe7 20. f4 c5 21.
Be3 Rh3 22. Rf3 Rh4 23. Rg3 g5 24. dxc5 Bxf4 25. Bxf4 gxf4 26. Rg2 Qxc5+ 27. Qf2
Qe5 28. Qxh4 f3 29. Rf2 Qe3 30. Rd1 Kb8 31. Qd8+ 1-0

[Event "Chigorin Memorial"]
[Site "St Petersburg RUS"]
[Date "2012.10.31"]
[Round "5.147"]
[White "Bajaramov, Elvin"]
[Black "Dzhavathanov, Magomed"]
[Result "1-0"]
[WhiteElo "2025"]
[BlackElo "1848"]
[WhiteFideId "24142514"]
[BlackFideId "24106020"]
[EventDate "2012.10.27"]

1. e4 d6 2. d4 Nf6 3. Nc3 g6 4. f3 e5 5. Bg5 h6 6. Bh4 g5 7. Bf2 exd4 8. Bxd4
Nc6 9. Be3 Bg7 10. Qd2 Be6 11. O-O-O a6 12. h4 g4 13. h5 Qd7 14. Nge2 O-O-O 15.
f4 Qe8 16. Nd4 Bd7 17. g3 Nxe4 18. Nxe4 Qxe4 19. Bg2 Qe8 20. Rhe1 Nxd4 21. Bxd4
Qf8 22. Qb4 Bc6 23. Bxc6 bxc6 24. Qa4 Kd7 25. f5 Bxd4 26. Rxd4 Rb8 27. f6 Re8
28. Rde4 Re6 29. Rxe6 fxe6 30. Rf1 Rg8 31. f7 Rg5 32. Qd4 Rxh5 33. Qf6 Rg5 34.
Re1 e5 35. Rh1 Rg7 36. Rf1 Rg5 37. b4 Rh5 38. a4 d5 39. c3 a5 40. Qg6 Rg5 41.
Qf6 axb4 42. c4 Rh5 43. Kb2 b3 44. Rf2 e4 45. cxd5 Rxd5 46. Re2 e3 47. Rxe3 Rd2+
48. Kc3 Rc2+ 49. Kxb3 Rb2+ 50. Kxb2 Qb4+ 51. Kc2 Qxa4+ 52. Kc1 1-0

[Event "Chigorin Memorial"]
[Site "St Petersburg RUS"]
[Date "2012.10.31"]
[Round "5.149"]
[White "Kopasov, Evgeny"]
[Black "Glazov, Anatoly"]
[Result "1/2-1/2"]
[WhiteElo "2014"]
[BlackElo "1835"]
[WhiteFideId "4181239"]
[BlackFideId "4192281"]
[EventDate "2012.10.27"]

1. d4 d5 2. c4 e6 3. Nc3 Nf6 4. Bg5 Be7 5. e3 O-O 6. Nf3 c6 7. Qc2 Nbd7 8. cxd5
exd5 9. Bd3 h6 10. Bf4 Nh5 11. Be5 Nxe5 12. Nxe5 Nf6 13. O-O Ng4 14. Nf3 Bd6 15.
Rab1 a5 16. a3 Re8 17. b4 b5 18. e4 dxe4 19. Nxe4 Bb7 20. Nc5 Bc8 21. Ne4 Bb7
22. Nc5 Bc8 23. Rfd1 Qc7 24. h3 Nf6 25. Nd2 Nd5 26. Nde4 Nf4 27. Nxd6 Qxd6 28.
Be4 a4 29. Bf3 Qf6 30. Be4 Ra7 31. f3 Rae7 32. Qf2 Bxh3 33. g3 Ne6 34. Nxe6 Rxe6
35. Rd2 Qg5 36. Rc1 Bf5 37. Bxf5 Qxf5 38. Rdc2 Qd5 39. Rc5 Qd7 40. R1c2 Rg6 41.
Kg2 Rd8 42. Rd2 Rd6 43. g4 Rxd4 44. Rxd4 Qxd4 45. Qxd4 Rxd4 46. Rxc6 Rd3 47.
Rc8+ Kh7 48. Rc5 Rxa3 49. Rxb5 Rb3 50. Rb8 a3 51. Ra8 Kg6 52. b5 f5 53. gxf5+
Kxf5 54. b6 Kf4 55. Ra4+ Kg5 56. b7 h5 57. Rxa3 Rxb7 58. Ra5+ Kh6 59. Kg3 Rb4
60. Ra6+ g6 61. Ra3 h4+ 62. Kh3 Kg5 63. Ra5+ Kh6 64. Ra3 Kg5 65. Ra5+ Kf4 66.
Kxh4 Rb1 67. Ra4+ Kxf3 68. Ra3+ Kf4 69. Ra4+ Kf5 70. Ra5+ Kf6 71. Ra6+ Kg7 72.
Kg3 Rb4 73. Ra7+ Kh6 74. Ra3 Kh5 75. Ra5+ g5 76. Ra3 Rb1 77. Kg2 g4 78. Ra5+ Kh4
79. Ra3 Rb2+ 80. Kg1 Re2 81. Rb3 g3 82. Rb8 Re4 83. Rh8+ Kg4 84. Rg8+ Kf3 85.
Rf8+ Rf4 86. Rxf4+ Kxf4 87. Kg2 Kg4 88. Kg1 1/2-1/2

[Event "Chigorin Memorial"]
[Site "St Petersburg RUS"]
[Date "2012.10.31"]
[Round "5.150"]
[White "Westerberg, Claes-Goran"]
[Black "Popov, Alexei"]
[Result "1-0"]
[WhiteElo "2007"]
[BlackElo "1823"]
[WhiteFideId "1712691"]
[BlackFideId "24195898"]
[EventDate "2012.10.27"]

1. e4 e5 2. Nf3 Nc6 3. d4 exd4 4. Nxd4 Nf6 5. Nxc6 bxc6 6. e5 Qe7 7. Qe2 Nd5 8.
c4 Ba6 9. b3 g6 10. g3 Bg7 11. Bb2 O-O 12. Bg2 Rae8 13. O-O Bxe5 14. Qxe5 Qxe5
15. Bxe5 Rxe5 16. cxd5 Bxf1 17. Kxf1 cxd5 18. Nc3 c6 19. Rd1 Rfe8 20. Bf3 Kf8
21. Ne2 a5 22. Rd4 f5 23. Ra4 g5 24. h3 Ra8 25. Nc1 Ree8 26. Nd3 Ke7 27. Ke2
Kd6+ 28. Kd2 c5 29. Bg2 Rg8 30. Bf3 Rgb8 31. Bg2 h5 32. Bf3 g4 33. Bg2 h4 34.
gxh4 Rh8 35. h5 gxh3 36. Bxh3 Rxh5 37. Bg2 Rh2 38. Bf3 Rc8 39. Rxa5 d4 40. Ra6+
Ke7 41. Bd5 Rch8 42. a4 R8h6 43. Ra8 Rh8 44. Ra7 Kd6 45. Bc4 Rc8 46. Ra6+ Rc6
47. Ra8 Rh1 48. Rf8 Rh5 49. Rf7 Rc8 50. Nf4 Rh2 51. Nd3 Rh5 52. Rf6+ Ke7 53. Rb6
Rh1 54. Nf4 Rc6 55. Rb7 Ra1 56. Ke2 Rd6 57. Bd3 Kf6 58. Bc4 Kg5 59. Nd3 Kg4 60.
Ne5+ Kf4 61. Nd3+ Kg4 62. Nxc5 Ra2+ 63. Kd3 Rxf2 64. Rxd7 Rf3+ 65. Kc2 Rc3+ 66.
Kd2 Rxd7 67. Nxd7 f4 68. Ne5+ Kh3 69. Nd3 f3 70. a5 Kg2 71. a6 f2 72. Nxf2 Re3
73. a7 Kxf2 74. a8=Q Kg1 75. Qa1+ Kh2 76. Qxd4 Rf3 77. Ke2 Rg3 78. Qh4+ Kg2 79.
Bd5+ 1-0